|
|
|
|
| LEADER |
01517nam a22003854a 4500 |
| 001 |
18795 |
| 003 |
BD-DhAAL |
| 005 |
20230619154255.0 |
| 008 |
050420s2006 njua b 001 0 eng |
| 010 |
|
|
|a 2005048753
|
| 015 |
|
|
|a GBA619160
|2 bnb
|
| 016 |
7 |
|
|a 013391721
|2 Uk
|
| 020 |
|
|
|a 0691124213 (pbk. : alk. paper)
|
| 020 |
|
|
|a 0691124205 (alk. paper)
|
| 020 |
|
|
|a 9780691124209 (alk. paper)
|
| 020 |
|
|
|a 9780691124216 (pbk. : alk. paper)
|
| 035 |
|
|
|a (OCoLC)ocm59818292
|
| 035 |
|
|
|a (OCoLC)59818292
|
| 040 |
|
|
|a DLC
|c DLC
|d YDX
|d UKM
|d BAKER
|d IXA
|d COO
|d NLGGC
|d BTCTA
|d YDXCP
|d VP@
|d DLC
|d BD-DhAAL
|
| 050 |
0 |
0 |
|a BP192.7.L4
|b D44 2006
|
| 082 |
0 |
0 |
|a 305.4869782
|2 23
|
| 100 |
1 |
|
|a Deeb, Lara,
|d 1974-
|9 54801
|
| 245 |
1 |
3 |
|a An enchanted modern :
|b gender and public piety in Shi'i Lebanon /
|c Lara Deeb.
|
| 260 |
|
|
|a Princeton :
|b Princeton University Press,
|c c2006.
|
| 300 |
|
|
|a ix, 263 pages :
|b illustrations ;
|c 25 cm.
|
| 490 |
|
|
|a Princeton studies in Muslim politics
|
| 504 |
|
|
|a Includes bibliographical references (pages [235]-249) and index.
|
| 541 |
|
|
|e 18795
|
| 650 |
|
0 |
|a Shiites
|z Lebanon
|z Beirut.
|9 54802
|
| 650 |
|
0 |
|a Islam and politics
|z Lebanon
|z Beirut.
|9 54803
|
| 650 |
|
0 |
|a Women in Islam
|z Lebanon
|z Beirut.
|9 54804
|
| 852 |
|
|
|a Ayesha Abed Library
|c General Stacks
|
| 942 |
|
|
|2 ddc
|c BK
|
| 999 |
|
|
|c 45906
|d 45906
|
| 952 |
|
|
|0 0
|1 0
|2 ddc
|4 0
|6 305_486978200000000_DEE
|7 0
|9 73839
|a BIGD
|b BIGD
|c GEN
|d 2023-06-19
|l 0
|o 305.4869782 DEE
|p 3050018795
|r 2023-06-19
|t 1
|w 2023-06-19
|y BK
|x Transferred from BDI to BIGD.
|